000 00988nam a2200277Ia 4500
003 OSt
005 20221005105053.0
006 a|||||r|||| 00| 0
007 ta
008 221004b |||||||| |||| 00| 0 hin d
020 _cINR 30.00
024 _a37707
037 _b1517, 21/02/2018, Bookwell
_cTextual
040 _aCRL
_cCRL
_bhin
041 _2hin
_ahin
082 _aX:77.2, 152M9
100 _aदेसाई, ए. आर., ले.
245 0 _aभारत का विकास मार्ग
246 _aBhārat kā vikās mārga
260 _aदिल्ली
_bहिंदी माध्यम कार्यान्वय निदेशालय भारत
_c1989
300 _a275पृ0
_ccm.
650 _a अर्थशास्त्र
650 _aमार्क्सवाद
942 _hX:77.2, 152M9
_cTEXL
_2cc
999 _c1014664
_d1014664